High school/college dual enrollment programs : field hearing before the Subcommittee on Early Childhood, Elementary and Secondary Education, Committee on Education and Labor, U.S. House of Representatives, One Hundred Eleventh Congress, first session, hearing held in Flint, MI, September 18, 2009.

Bibliographic Details
Corporate Author: United States. Congress. House. Committee on Education and Labor. Subcommittee on Early Childhood, Elementary, and Secondary Education
Format: Government Document eBook
Language:English
Published: Washington : U.S. G.P.O., 2009.
Subjects:
Online Access:Electronic resource (PDF)

MARC

Tag First Indicator Second Indicator Subfields
LEADER 00000cam a22000001a 4500
001 in00004100486
005 20200117091402.0
006 m d f
007 cr bn mmmapmmp
008 100212s2009 dcua ob f000 0 eng d
035 |a chdc201000215 
040 |a UMI  |c UMI  |d UtOrBLW 
042 |a pcc 
043 |a n-us---  |a n-us-mi 
074 |a 1015-A 
086 0 |a Y 4.ED 8/1:111-31 
088 |a Serial no. 111-31 (United States. Congress. House. Committee on Education and Labor) 
110 1 |a United States.  |b Congress.  |b House.  |b Committee on Education and Labor.  |b Subcommittee on Early Childhood, Elementary, and Secondary Education.  |0 http://id.loc.gov/authorities/names/no2007083199 
245 1 0 |a High school/college dual enrollment programs :  |b field hearing before the Subcommittee on Early Childhood, Elementary and Secondary Education, Committee on Education and Labor, U.S. House of Representatives, One Hundred Eleventh Congress, first session, hearing held in Flint, MI, September 18, 2009. 
264 1 |a Washington :  |b U.S. G.P.O.,  |c 2009. 
264 2 |a Washington :  |b For sale by the Supt. of Docs., U.S. G.P.O. 
300 |a iii, 51 pages :  |b illustrations, digital, PDF file. 
336 |a text  |b txt  |2 rdacontent 
337 |a computer  |b c  |2 rdamedia 
338 |a online resource  |b cr  |2 rdacarrier 
500 |a Shipping list number: 2010-0099-P. 
504 |a Includes bibliographical references. 
500 |a "Serial number 111-31." 
500 |a Record is based on bibliographic data in ProQuest Congressional Hearings Digital Collection. Reuse except for individual research requires license from ProQuest, LLC. 
500 |a Electronic resource. 
533 |a Electronic reproduction.  |b [Bethesda, Md.] :  |c ProQuest,  |d 2010.  |e digital, PDF file.  |n ProQuest U.S. Congressional Hearings Digital Collection.  |n Mode of access: World Wide Web via ProQuest website. 
538 |a System requirements: PDF reader software. 
650 0 |a Dual enrollment  |z United States. 
650 0 |a Dual enrollment  |z Michigan  |z Flint. 
650 0 |a Minorities  |x Education  |z United States.  |0 http://id.loc.gov/authorities/subjects/sh2008107205 
650 0 |a Gifted children  |x Education (Secondary)  |z United States. 
650 0 |a College credits  |z United States.  |0 http://id.loc.gov/authorities/subjects/sh2009120639 
776 0 8 |i Print version:   |a United States. Congress. House. Committee on Education and Labor. Subcommittee on Early Childhood, Elementary, and Secondary Education.  |t High school/college dual enrollment programs  |w 9780160849800  |w 0160849802  |w (OCoLC)506454365  |z 2009526395 
776 0 8 |i Microfiche version:   |a United States. Congress. House. Committee on Education and Labor. Subcommittee on Early Childhood, Elementary, and Secondary Education.  |t High school/college dual enrollment programs  |d [Bethesda, Md.] : ProQuest,[2010]  |o CIS 2010 H341-19  |w (ProQuest)cis01000317  
856 4 0 |u http://proxy.library.tamu.edu/login?url=http://search.proquest.com/congcomp/getdoc?HEARING-ID=HRG-2009-EDL-0025  |y Electronic resource (PDF)  |t 0 
998 |a cis01000317  
999 f f |s ead1b75b-a2cd-340e-911b-bf72635f3a89  |i e8400ff8-6008-371a-a0f0-8573a1510fac  |t 0 
952 f f |a Texas A&M University  |b College Station  |c Electronic Resources  |d Available Online  |t 0  |e Y 4.ED 8/1:111-31  |h Superintendent of Documents classification 
998 f f |a Y 4.ED 8/1:111-31  |t 0  |l Available Online